00827nam a22002651 45000010005000000030008000050050017000130080039000300350018000690400023000870410008001100820013001181000017001311100037001482450072001852600058002573000040003154900041003556100033003966510037004296510037004668300011005037000021005148300026005352843BD-RjUL20211208233628.0131217r19621961nyuab 000 0beng a(BD-RjUL)2870 aDLCcDLCdDLCbeng aeng00a382bFRE1 aFrank Isaian2 aAmerican Management Association.04aThe European common market :bAn Analysis of Commercial Policy /c. aNew Yorkcc1961 [Printing 1962]bFrederick A. Praeger a220, xxxvi p.bmap, diagrs.c24 cm.1 aAMA management report series, no. 1820aEuropean Economic Community. 0aUnited StatesxCommercezEurope. 0aEuropexCommercezUnited States. 0vno. 181 aAllison, John R. 0aAMA management report